| 000 | 01072nam a2200289Ia 4500 | ||
|---|---|---|---|
| 003 | OSt | ||
| 005 | 20220930090435.0 | ||
| 006 | a|||||r|||| 00| 0 | ||
| 007 | ta | ||
| 008 | 220926b |||||||| |||| 00| 0 eng d | ||
| 024 | _a109527 | ||
| 037 | _cTheses | ||
| 040 |
_aCRL _cCRL _beng |
||
| 041 |
_2eng _aeng |
||
| 100 |
_aSongara Prafulla _9542470 |
||
| 110 |
_aUniversity of Delhi. Faculty of Medical Sciences. Department of Medical Microbiology _9519677 |
||
| 245 | 0 | _aRole of fungus in chronic rhinosinusitis and invitro drug susceptibility pattern of the fungal isolates in a tertiary care hospital | |
| 260 | _c2010 | ||
| 300 |
_a78p. _ap. _ccm. |
||
| 650 | _aMIRCOBIOLOGY | ||
| 700 |
_a Dr. B. L. Sherwal Gu. _9536933 |
||
| 700 |
_a Dr. Shilpi Agarwal Gu. _9538396 |
||
| 700 |
_a Dr. Sunil Kumar Gu. _9532243 |
||
| 700 |
_aUniversity of Delhi. Faculty of Medical Sciences. Department of Medical Microbiology _9519679 |
||
| 942 |
_cDIS _2CC |
||
| 999 |
_c880551 _d880551 |
||